LEADER 00819nam a22002171i 4500 001 991001292579707536 005 20021207151636.0 008 021207s1977 it |||||||||||||||||ita 035 $ab12126925-39ule_inst 035 $aARCHE-021672$9ExL 040 $aDip.to Filologia Ling. e Lett.$bita$cA.t.i. Arché s.c.r.l. Pandora Sicilia s.r.l. 245 03$aIl Testo 260 $aFirenze :$bLe lettere,$c1977 300 $a148 p. ;$c19 cm 440 0$aSonetti e canzoni di diversi antichi autori toscani ;$v2 907 $a.b12126925$b02-04-14$c01-04-03 912 $a991001292579707536 945 $aLE008 FL.M. (f.r.) XXII A 232/I$cV. 2$g1$i2008000508692$lle008$o-$pE0.00$q-$rl$s- $t0$u0$v0$w0$x0$y.i12442227$z01-04-03 996 $aTesto$9148802 997 $aUNISALENTO 998 $ale008$b01-04-03$cm$da $e-$fita$git $h3$i1